00856nam a22002413 450000100060000000300060000600500170001200800370002903500190006604000260008504100080011108200210011910000260014024501430016625000120030926000420032130000200036369000390038375200240042294200120044699900170045895201390047527114UkOxU20211209051120.0140324s1848 stk 000 0 d a(BD-RjUL)27185 aBD-RjULbengcBD-RjUL aeng bWON 1848a958.6 1 aWolff, Joseph.97831610aNarrative of a mission to Bokhara, in the years 1843-1845, to ascertain the fate of colonel Stoddart and captain Conolly /c Joseph Wolff. a5th ed. aLondon :c1848bEdinburgh and London, a429p. ;c19 cm.00aGeographyzCentral Asia2pre20963 aScotlanddEdinburgh 2ddccBK c27114d27114 00102ddc40728NFICaRUCLbRUCLcReadingd1964-09-17eZeitlingerg30.00l0o958.6 WON 1848r2014-03-24 00:00:00tC-1w2014-03-24yBK